| 000 | 00464nam a2200109Ia 4500 | ||
|---|---|---|---|
| 008 | 160909s9999 xx 000 0 und d | ||
| 100 | _aSannicandro, Tom. | ||
| 245 | 4 | _aThe Effect of Postsecondary Education on Employment and Income for Individuals with Intellectual Disabilities | |
| 260 |
_bBrandeis University, The Heller School for Social Policy and Management. _c2016 |
||
| 650 | _aEDUC/SPED | ||
| 856 | _uhttp://pqdtopen.proquest.com/doc/1808241726.html?FMT=ABS | ||
| 999 |
_c304993 _d304993 |
||